000 00298nam a22001337a 4500
008 171016b xxu||||| |||| 00| 0 eng d
020 _a9780073375700
041 _aeng
080 _24TH
_a33
100 _a52
101 _aEKO
245 _aISSUES IN ECONOMICS TODAY
_cGUELL,R.C
942 _2udc
_cBK
999 _c34083
_d34083